• 首页
  • 本馆介绍
  • 公告通知
  • 最新文献
  • 馆藏检索
  • 电子资源
  • 读者导购
  • 参考咨询
  • 我的图书馆
  • 登录
  • 详细信息显示
  • 放入我的书架
  • 预约/预借图书
  • 作者相关作品
  • 分类相关作品
  • 丛书相关作品
  • 出版社相关作品

书目信息

  • 表格格式
  • 工作单格式
  • 卡片格式
题名:
创建平安校园安全教育读本
    
 
作者: 王兴中 主编
分册:  
出版信息: 北京   北京理工大学出版社有限责任公司  2017
页数: 169页
开本: 24cm
丛书名:
单 册:
中图分类: G474
科图分类:
主题词: 学校管理--安全管理--职业教育--教材
电子资源:
ISBN: 978-7-5682-4857-0
000 00878nam0 2200241 450
001 1866
005 20180524150536.59
010    @a978-7-5682-4857-0@dCNY32.00
100    @a20171116d2017 em y0chiy50 ea
101 0  @achi
102    @aCN@b110000
105    @aa z 000yy
200 1  @a创建平安校园安全教育读本@9chuang jian ping an xiao yuan an quan jiao yu du ben@f王兴中主编
205    @a3版
210    @a北京@c北京理工大学出版社有限责任公司@d2017
215    @a169页@c图@d24cm
300    @a国家职业教育“十三五”精品规划新形态教材
330    @a本书主要从创建平安校园目的意义、校园事故、灾难的预防、避险与自救、学生心理健康、预防学生犯罪等安全教育方面诠释了创建平安校园的内容。
606 0  @a学校管理@x安全管理@x职业教育@j教材
690    @aG474@v5
701  0 @a王兴中@9wang xing zhong@f(1968.10-)@4主编
801  0 @aCN@b91MARC@c20171116
905    @aMuseLib@dG474@e135=3
    
    创建平安校园安全教育读本/王兴中主编.-3版.-北京:北京理工大学出版社有限责任公司,2017
    169页:图;24cm
    国家职业教育“十三五”精品规划新形态教材
    
    ISBN 978-7-5682-4857-0:CNY32.00
    本书主要从创建平安校园目的意义、校园事故、灾难的预防、避险与自救、学生心理健康、预防学生犯罪等安全教育方面诠释了创建平安校园的内容。
●
相关链接 在E读中查询图书 在五车中查询图书 在当当中查询图书 在豆瓣中查询图书


正题名:创建平安校园安全教育读本     索取号:G474/135=3         预约/预借

序号 登录号 条形码 馆藏地/架位号 状态 备注
1 1106997   211069975   第一样本阅览室/ [索取号:G474/135=3] 在馆    
2 1106998   211069984   教育系资料室/ [索取号:G474/135=3] 在馆    
3 1106999   211069993   教育系资料室/ [索取号:G474/135=3] 在馆    
4 1107000   211070008   教育系资料室/ [索取号:G474/135=3] 在馆    
5 1107001   211070017   第四借阅区/ [索取号:G474/135=3] 在馆    
6 1107002   211070026   第四借阅区/ [索取号:G474/135=3] 在馆    
唐山师范学院图书馆 欢迎您!
大连网信软件有限公司© 版权所有